Can Japan compete ? (Record no. 10611)

000 -LEADER
fixed length control field 00271nam a2200109Ia 4500
008 - FIXED-LENGTH DATA ELEMENTS--GENERAL INFORMATION
fixed length control field 210107s9999 xx 000 0 und d
100 ## - MAIN ENTRY--PERSONAL NAME
Personal name Porter, Michael and Takeuchi,Hirotaka
245 #0 - TITLE STATEMENT
Title Can Japan compete ?
260 ## - PUBLICATION, DISTRIBUTION, ETC.
Place of publication, distribution, etc. London
Name of publisher, distributor, etc. Macmillan
300 ## - PHYSICAL DESCRIPTION
Extent 208
942 ## - ADDED ENTRY ELEMENTS (KOHA)
Koha item type Books
Holdings
Withdrawn status Lost status Damaged status Not for loan Permanent Location Date acquired Full call number Barcode Date last seen Price effective from Koha item type
        IMU Kolkata 2021-01-07 382.0952 P8441 PM06273 2021-01-07 2021-01-07 Books
Designed and Maintained by IMU-KC Library, Kolkata Campus © Copyright All Rights Reserved

webs counters

Powered by Koha